Garbled Phrases #2 - Statistics

General Stats
  • This quiz has been taken 18 times
  • The average score is 14 of 20
Answer Stats
Hint Answer % Correct
calf fee teary all hunch Cafeteria lunch
94%
the row pack thirst hay Throwback Thursday
94%
tanks gif ink Thanksgiving
88%
bay beach arc Baby Shark
81%
puff fall loach ick can winks Buffalo chicken wings
81%
eee yes pea hen ESPN
81%
lamb on aids tanned Lemonade stand
81%
muh hine curr raft Minecraft
81%
deet hen shin Detention
75%
mitt knight's knack Midnight snack
75%
jip sand saul saw Chips and salsa
69%
curr rip toke her rinse see Cryptocurrency
69%
air reese dials Harry Styles
63%
id his wad hit dis It is what it is
63%
mag are own he angie's Macaroni and cheese
63%
mist herb pieced Mr. Beast
63%
annie won half fanny go west shins Anyone have any questions?
56%
wads thaw why vibe bass sword What's the wifi password?
56%
all if fee ah rot reek ok Olivia Rodrigo
38%
bore he'd dope pole Burrito bowl
31%
No matching quizzes found
Score Distribution
Percent of People with Each Score
Percentile by Number Answered
Your Score History
You have not taken this quiz